| 000 | 00710nam a2200181 a 4500 | ||
|---|---|---|---|
| 008 | 111011s2004 ||||||||||||||||| || u | ||
| 020 | _a1929007051 | ||
| 050 | _aRC 667 Net | ||
| 100 | _aRunge, Marschall S | ||
| 245 | 1 | 0 |
_aNetter's cardiology _cedited by Marschall S. Runge and E. Magnus Ohman |
| 260 |
_aTeterboro, New Jersey: _bIcon Learning Systems _c2004 |
||
| 300 | _axxiii, 664p.: ill. | ||
| 350 | _a0.00 | ||
| 650 | _aCARDIOLOGY | ||
| 650 | _aCARDIOVASCULAR SYSTEM--DISEASES | ||
| 700 | _aOhman, E. Magnus | ||
| 995 |
_aMEDICAL LIBRARY OPEN ACCESS _D0.00 _e901115 _FCBU-SCHOOL OF MEDICINE LIBRARY (Ndola) _H1 _I0.00 _jRC 667 NET _M1 _UAVAILABLE _WOct 11, 2011 _y901115 _ZMedical Library Open Access Collection |
||
| 999 |
_c32149 _d32149 |
||